000 00270nam a2200121Ia 4500
008 190216s9999||||xx |||||||||||||| ||und||
100 _aSingh Khushwant
245 4 _aThe Collected Novels
260 _bPenguin Books
300 _a736
650 _aEnglish
942 _cBK
999 _c13945
_d13945